نقد اصلاح ;; naqd asilah / (Record no. 78716)
[ view plain ]
| 000 -LEADER | |
|---|---|
| fixed length control field | 00692nam a2200217 4500 |
| 001 - CONTROL NUMBER | |
| control field | 78716 |
| 003 - CONTROL NUMBER IDENTIFIER | |
| rucl marc code | BD-RjUL |
| 005 - DATE AND TIME OF LATEST TRANSACTION | |
| control field | 20211209083151.0 |
| 008 - FIXED-LENGTH DATA ELEMENTS--GENERAL INFORMATION | |
| fixed length control field | 211108s1960 le ||||| |||| 00| 0 ara d |
| 035 ## - SYSTEM CONTROL NUMBER | |
| System control number | (BD-RjUL)78942 |
| 040 ## - CATALOGING SOURCE | |
| Original cataloging agency | BD-RjUL |
| Language of cataloging | eng |
| Transcribing agency | BD-RjUL |
| 041 ## - LANGUAGE CODE | |
| Language code of text/sound track or separate title | ara |
| 082 ## - DEWEY DECIMAL CLASSIFICATION NUMBER | |
| Edition number | 23 |
| Classification number | 297.61 |
| Author mark and year | HUN 1960 |
| 100 1# - MAIN ENTRY--PERSONAL NAME | |
| Personal name | Hussein, Taha ;; حسين, طه |
| 9 (RLIN) | 249677 |
| 245 10 - TITLE STATEMENT | |
| Title | نقد اصلاح ;; naqd asilah / |
| Statement of responsibility, etc. | طه حسين ;; Taha Hussien |
| 250 ## - EDITION STATEMENT | |
| Edition statement | 2nd.ed. ;; ,الطبعة الثنية |
| 260 ## - PUBLICATION, DISTRIBUTION, ETC. (IMPRINT) | |
| Place of publication, distribution, etc. | بيروت ;; Beirut : |
| Name of publisher, distributor, etc. | دار العلم للملايين ;; dar al ilm lilmalayin, |
| Date of publication, distribution, etc. | 1960 |
| 300 ## - PHYSICAL DESCRIPTION | |
| Pagination | 680 p. ; |
| Size | 20 cm. |
| 650 ## - SUBJECT ADDED ENTRY--TOPICAL TERM | |
| Topical term or geographic name as entry element | Imamat |
| 9 (RLIN) | 249678 |
| 942 ## - ADDED ENTRY ELEMENTS (KOHA) | |
| Source of classification or shelving scheme | Dewey Decimal Classification |
| Koha item type | Books |
| Lost status | Source of classification or shelving scheme | Damaged status | Not for loan | Collection code | Permanent Location | Current Location | Shelving location | Date acquired | Total Checkouts | Full call number | Date last seen | Copy number | Koha item type |
|---|---|---|---|---|---|---|---|---|---|---|---|---|---|
| Dewey Decimal Classification | Not For Loan | Non-fiction | Central Library, University of Rajshahi | Central Library, University of Rajshahi | Reading Room | 08/11/2021 | A 297.61 HUN 1960 | 08/11/2021 | C-1 | Books |